Представление документа в формате MARC21

Поле Инд. ПП Название Значение
Тип записи a
Библиографический уровень b
001 Контрольный номер RU/IS/BASE/308416837
005 Дата корректировки 20200522191342.9
008 Кодируемые данные 20091009
040 b Код языка каталог. rus
e Правила каталог. PSBO
041 0_ a Код языка текста rus
084 a Индекс другой классификации/Индекс ББК 67.71(2Рос)в; 67.410.1(2Рос)в; 67.71(4); 67.410.1(4)
100 1_ a Автор Борисова Е. А.
245 10 a Заглавие Некоторые теоретико-практические проблемы реформы в области судебной защиты гражданских прав
504 a Библиография Подстроч. примеч. и библиогр.
520 a Аннотация Автор анализирует состоявшиеся совершенствования судебного процесса в России в течение последних пяти лет, называет проблемы, которые предстоит решить, приводит примеры из опыта европейских стран, указывает на принципы, рекомендованные Советом Европы в отношении судопроизводства
650 a Основная рубрика гражданское процессуальное право
a Основная рубрика право
a Основная рубрика процессуальное право
a Основная рубрика судебная система
a Основная рубрика судопроизводство
653 a Ключевые слова арбитражное судопроизводство
a Ключевые слова Европа
a Ключевые слова защита гражданских прав
a Ключевые слова несудебные формы разрешения споров
a Ключевые слова обжалование судебных решений
a Ключевые слова открытость правосудия
a Ключевые слова правосудие
a Ключевые слова Россия
a Ключевые слова судебная защита прав
a Ключевые слова судебные процедуры
a Ключевые слова электронное правосудие
773 08 t Заглавие источника Вестник Московского университета. Серия 11, Право
d Дата издания источника 2009
g Прочая информация № 1. - С. 3 - 18
w Контрольный № источника RU/IS/BASE/299591405
901 t Тип документа b